| 000 | 00558nam a22001697a 4500 | ||
|---|---|---|---|
| 999 |
_c526307 _d526307 |
||
| 003 | NUST | ||
| 020 | _qP/B | ||
| 038 | _awaseem | ||
| 082 |
_a891.4309 _bALI |
||
| 100 |
_aAli, Syed Asad _917287 |
||
| 245 |
_aHindi Adb K Bhakti Kaal Per Muslim Siqafat kay Asraat / _cSyed Asad Ali |
||
| 260 |
_aNew Delhi : _bNational Council of Urdu Language Development, _c2009. |
||
| 300 | _a413 p. ; | ||
| 880 |
_6100-01\r _aسید اسد علی |
||
| 880 |
_6245-02\r _aہندی ادب کے بھکتی کل پر مسلم ثقافت کے اثرات / |
||
| 942 |
_2ddc _cBK |
||